<?xml version="1.0" encoding="UTF-8"?>
<record
    xmlns:xsi="http://www.w3.org/2001/XMLSchema-instance"
    xsi:schemaLocation="http://www.loc.gov/MARC21/slim http://www.loc.gov/standards/marcxml/schema/MARC21slim.xsd"
    xmlns="http://www.loc.gov/MARC21/slim">

  <leader>01760cam a2200349 a 4500</leader>
  <controlfield tag="001">4442221</controlfield>
  <controlfield tag="005">20220326193313.0</controlfield>
  <controlfield tag="008">940727s1993    mx b     b   s000 0 spa d</controlfield>
  <datafield tag="010" ind1=" " ind2=" ">
    <subfield code="a">   94180483 </subfield>
  </datafield>
  <datafield tag="020" ind1=" " ind2=" ">
    <subfield code="a">9686492704</subfield>
  </datafield>
  <datafield tag="035" ind1=" " ind2=" ">
    <subfield code="a">(OCoLC)29721386 </subfield>
  </datafield>
  <datafield tag="040" ind1=" " ind2=" ">
    <subfield code="a">FU</subfield>
    <subfield code="c">FU</subfield>
    <subfield code="d">DLC</subfield>
  </datafield>
  <datafield tag="042" ind1=" " ind2=" ">
    <subfield code="a">lccopycat</subfield>
  </datafield>
  <datafield tag="043" ind1=" " ind2=" ">
    <subfield code="a">ncgt---</subfield>
  </datafield>
  <datafield tag="082" ind1=" " ind2=" ">
    <subfield code="a">304.28</subfield>
    <subfield code="b">P344I</subfield>
  </datafield>
  <datafield tag="100" ind1="1" ind2=" ">
    <subfield code="a">Payeras, Mario.</subfield>
    <subfield code="9">2214</subfield>
  </datafield>
  <datafield tag="245" ind1="1" ind2="0">
    <subfield code="a">Latitud de la flor y el granizo :</subfield>
    <subfield code="b">y otros escritos sobre el medio ambiente mesoamericano /</subfield>
    <subfield code="c">Mario Payeras.</subfield>
  </datafield>
  <datafield tag="250" ind1=" " ind2=" ">
    <subfield code="a">2. ed.</subfield>
  </datafield>
  <datafield tag="260" ind1=" " ind2=" ">
    <subfield code="a">Tuxtla Guti&#xE9;rrez, Chiapas, M&#xE9;xico :</subfield>
    <subfield code="b">Gobierno del Estado de Chiapas, Consejo Estatal de Fomento a la Investigaci&#xF3;n y Difusi&#xF3;n de la Cultura, DIF-Chiapas, Instituto Chiapaneco de Cultura,</subfield>
    <subfield code="c">1993.</subfield>
  </datafield>
  <datafield tag="300" ind1=" " ind2=" ">
    <subfield code="a">131 p. :</subfield>
    <subfield code="b">maps ;</subfield>
    <subfield code="c">21 cm.</subfield>
  </datafield>
  <datafield tag="440" ind1=" " ind2="0">
    <subfield code="a">Serie Centroamericana</subfield>
    <subfield code="9">2215</subfield>
  </datafield>
  <datafield tag="504" ind1=" " ind2=" ">
    <subfield code="a">Includes bibliographical references.</subfield>
  </datafield>
  <datafield tag="505" ind1="0" ind2=" ">
    <subfield code="a">Latitud de la flor y el granizo -- Las selvas de El Pet&#xE9;n y el pulm&#xF3;n boscoso mesoamericano -- Las rutas &#xED;stmicas del Halc&#xF3;n Peregrino.</subfield>
  </datafield>
  <datafield tag="520" ind1="1" ind2=" ">
    <subfield code="a">"An environmental history of Guatemala, written from a Marxist perspective by a former guerrilla fighter who before his death was one of Guatemala's most creative writers, is of both literary and scholarly interest"--Handbook of Latin American Studies, v. 57.</subfield>
    <subfield code="u">http://www.loc.gov/hlas/</subfield>
  </datafield>
  <datafield tag="650" ind1=" " ind2="0">
    <subfield code="a">Nature</subfield>
    <subfield code="x">Effect of human beings on</subfield>
    <subfield code="z">Guatemala</subfield>
    <subfield code="x">History.</subfield>
    <subfield code="9">2216</subfield>
  </datafield>
  <datafield tag="650" ind1=" " ind2="0">
    <subfield code="a">Environmental protection</subfield>
    <subfield code="z">Guatemala</subfield>
    <subfield code="x">History.</subfield>
    <subfield code="9">2217</subfield>
  </datafield>
  <datafield tag="650" ind1=" " ind2="0">
    <subfield code="a">Environmental policy</subfield>
    <subfield code="z">Guatemala</subfield>
    <subfield code="x">History.</subfield>
    <subfield code="9">2218</subfield>
  </datafield>
  <datafield tag="650" ind1=" " ind2="0">
    <subfield code="a">Environmental sciences</subfield>
    <subfield code="z">Guatemala</subfield>
    <subfield code="x">History.</subfield>
    <subfield code="9">2219</subfield>
  </datafield>
  <datafield tag="700" ind1=" " ind2=" ">
    <subfield code="a">Payeras, Mario.</subfield>
    <subfield code="9">2220</subfield>
  </datafield>
  <datafield tag="906" ind1=" " ind2=" ">
    <subfield code="a">7</subfield>
    <subfield code="b">cbc</subfield>
    <subfield code="c">copycat</subfield>
    <subfield code="d">2</subfield>
    <subfield code="e">ncip</subfield>
    <subfield code="f">19</subfield>
    <subfield code="g">y-gencatlg</subfield>
  </datafield>
  <datafield tag="999" ind1=" " ind2=" ">
    <subfield code="c">462</subfield>
    <subfield code="d">462</subfield>
  </datafield>
  <datafield tag="952" ind1=" " ind2=" ">
    <subfield code="0">0</subfield>
    <subfield code="1">0</subfield>
    <subfield code="2">ddc</subfield>
    <subfield code="4">0</subfield>
    <subfield code="7">0</subfield>
    <subfield code="a">LV</subfield>
    <subfield code="b">LV</subfield>
    <subfield code="c">Pensamiento</subfield>
    <subfield code="d">2015-03-18</subfield>
    <subfield code="l">0</subfield>
    <subfield code="o">304.28 P344I</subfield>
    <subfield code="p">000389</subfield>
    <subfield code="r">2015-03-18 00:00:00</subfield>
    <subfield code="w">2015-03-18</subfield>
    <subfield code="y">01</subfield>
  </datafield>
</record>
